| 000 | 01131nam0a2200337 4500 | ||
|---|---|---|---|
| 001 | RU\NLR\BIBL_A\011714731 | ||
| 005 | 20180725104805.0 | ||
| 010 |
_a978-5-04-092967-2 _95000 |
||
| 021 |
_aRU _bКН-П-18-031861 _9КН-П-18-2319 |
||
| 035 | _a(NLR Aleph) 011714731 | ||
| 035 | _a(RuMoRGB)009621524 | ||
| 090 |
_a11451605 _c11451605 |
||
| 100 | _a20180529d2018 a y0rusy50 ca | ||
| 101 | 1 |
_arus _ceng |
|
| 102 | _aRU | ||
| 105 | _aa zzzz000|1ay | ||
| 200 | 1 |
_aИстория матери _e[роман] _fАманда Проуз _g[перевод с английского И. Наумовой] |
|
| 210 |
_aМосква _cЭ _d2018 |
||
| 215 |
_a381, [1] с. _cил. _d20 |
||
| 225 | 1 | _aО лучшем чувстве на земле | |
| 320 | _aДр. произведения авт. на 2-й с. | ||
| 333 | _a16+ | ||
| 686 |
_aШ5(4Вл)64-644 _2rubbk |
||
| 686 | 1 | _aШ6(4Вл)67-440.4{Лх1299-50} | |
| 700 | 1 |
_aПроуз _bА. _gАманда |
|
| 942 | _cBOOK | ||
| 980 | _aNBR | ||
| 980 | _aNB | ||